[Event "Split rapid op 6th"]
[Site "Split"]
[Date "2024.08.08"]
[Round "3"]
[White "Kristovic, Marijan"]
[Black "Petrik, Matus"]
[Result "1-0"]
[WhiteElo "2154"]
[BlackElo "1795"]
[PlyCount "77"]
[EventDate "2024.08.08"]
[EventType "swiss (rapid)"]
[EventRounds "7"]
[EventCountry "CRO"]
[SourceTitle "CBM 221 Extra"]
[Source "ChessBase"]
[SourceDate "2024.09.30"]
[SourceVersion "1"]
[SourceVersionDate "2024.09.30"]
[SourceQuality "1"]

1. e4 c5 2. Nf3 e6 3. c3 Nc6 4. d4 cxd4 5. Nxd4 Nf6 6. Nxc6 bxc6 7. e5 Nd5 8. Bc4 Nb6 9. Bb3 Ba6 10. Be3 d5 11. exd6 Bxd6 12. Nd2 Nd5 13. Ne4 Bf4 14. Bxd5 exd5 15. Bxf4 Qe7 16. Qd4 0-0 17. Bd6 Qxe4+ 18. Qxe4 dxe4 19. Bxf8 Kxf8 20. 0-0-0 Bd3 21. Rhe1 f5 22. g3 c5 23. b3 a5 24. Re3 a4 25. Kb2 a3+ 26. Kc1 c4 27. b4 g5 28. f3 g4 29. fxg4 fxg4 30. Rd2 Kg7 31. Rf2 Kg6 32. Rf4 h5 33. Rexe4 Bxe4 34. Rxe4 Rc8 35. Kd2 Rd8+ 36. Rd4 Rc8 37. Ke3 Kf5 38. Rd5+ Kg6 39. Kd4 1-0

[Event "Zagreb Hulak Memorial op 4th"]
[Site "Zagreb"]
[Date "2019.12.08"]
[Round "2"]
[White "Kristovic, Marijan"]
[Black "Lalic, Bogdan"]
[Result "1/2-1/2"]
[WhiteElo "2179"]
[BlackElo "2414"]
[PlyCount "28"]
[EventDate "2019.12.07"]
[EventType "swiss"]
[EventRounds "9"]
[EventCountry "CRO"]
[SourceTitle "CBM 193 Extra"]
[Source "ChessBase"]
[SourceDate "2020.01.31"]
[SourceVersion "1"]
[SourceVersionDate "2020.01.31"]
[SourceQuality "1"]

1. e4 c6 2. c4 d5 3. exd5 cxd5 4. cxd5 Nf6 5. Nc3 Nxd5 6. Bc4 Nb6 7. Bb3 Bf5 8. d4 e6 9. Nge2 Nc6 10. 0-0 Be7 11. Be3 0-0 12. Ng3 Bg6 13. d5 Nxd5 14. Nxd5 exd5 1/2-1/2

[Event "Zagreb Hulak Memorial op 3rd"]
[Site "Zagreb"]
[Date "2018.12.02"]
[Round "2"]
[White "Kristovic, Marijan"]
[Black "Martinovic, Sasa"]
[Result "0-1"]
[WhiteElo "2197"]
[BlackElo "2554"]
[PlyCount "100"]
[EventDate "2018.12.01"]
[EventType "swiss"]
[EventRounds "9"]
[EventCountry "CRO"]
[SourceTitle "CBM 187 Extra"]
[Source "ChessBase"]
[SourceDate "2018.11.04"]
[SourceVersion "1"]
[SourceVersionDate "2018.11.04"]
[SourceQuality "1"]

1. e4 c5 2. Nf3 Nc6 3. d4 cxd4 4. Nxd4 Nf6 5. Nc3 d6 6. Be2 e5 7. Nb3 Be7 8. Bg5 Be6 9. Qd2 a5 10. a4 0-0 11. 0-0 Nb4 12. Rfd1 Rc8 13. Bf3 h6 14. Be3 Re8 15. h3 Bf8 16. Rac1 b6 17. Qe1 Nxc2 18. Rxc2 Bxb3 19. Rcd2 Bxd1 20. Qxd1 Qc7 21. Be2 Qb7 22. f3 Red8 23. Bb5 d5 24. exd5 Bc5 25. Bxc5 Rxc5 26. d6 Qc8 27. d7 Qb7 28. Rd6 Rxb5 29. Nxb5 Rxd7 30. Qc2 Rxd6 31. Nxd6 Qd7 32. Nf5 h5 33. g4 g6 34. Qc8+ Qxc8 35. Ne7+ Kg7 36. Nxc8 Nd5 37. gxh5 gxh5 38. h4 Kf6 39. Nd6 Ne3 40. b3 Ke6 41. Nc8 Kd7 42. Nxb6+ Kc7 43. Kf2 Nd1+ 44. Ke2 Kxb6 45. Kxd1 Kc5 46. Kd2 Kb4 47. Kc2 f6 48. Kb2 f5 49. Kc2 f4 50. Kb2 e4 0-1

[Event "Zagreb Damjanovic Memorial 2nd"]
[Site "Zagreb"]
[Date "2018.07.20"]
[Round "5"]
[White "Bender, Ivan"]
[Black "Kristovic, Marijan"]
[Result "1-0"]
[WhiteElo "2285"]
[BlackElo "2236"]
[PlyCount "161"]
[EventDate "2018.07.16"]
[EventType "swiss"]
[EventRounds "9"]
[EventCountry "CRO"]
[SourceTitle "EXT 2019"]
[Source "ChessBase"]
[SourceDate "2018.10.10"]
[SourceVersion "1"]
[SourceVersionDate "2018.10.10"]
[SourceQuality "1"]

1. e4 c5 2. Nf3 Nc6 3. Bb5 Na5 4. 0-0 a6 5. Be2 e6 6. Re1 Nc6 7. c3 Nf6 8. Bf1 Be7 9. d4 cxd4 10. e5 Nd5 11. c4 Nc7 12. Nxd4 0-0 13. Bf4 b6 14. Nc3 Bb7 15. Ne4 Ne8 16. Nf3 f5 17. exf6 Nxf6 18. Nc3 Nh5 19. Be3 Bc5 20. g3 Bxe3 21. Rxe3 Nf6 22. Nd4 Qc7 23. Bg2 Rac8 24. b3 Nxd4 25. Bxb7 Nxb3 26. Bxc8 Nxa1 27. Bxa6 Qc5 28. Bb5 Qf5 29. Re2 Ng4 30. Bxd7 Ne5 31. f4 Nxd7 32. Qxd7 Qc5+ 33. Kg2 Qxc4 34. Qxe6+ Qxe6 35. Rxe6 Rc8 36. Ne4 Rc2+ 37. Kh3 h6 38. Rxb6 Rxa2 39. f5 Nc2 40. f6 gxf6 41. Nxf6+ Kf7 42. Nh5 Nd4 43. Rxh6 Ra5 44. Kg4 Ra8 45. Rh7+ Kg6 46. Rb7 Rg8 47. Rb6+ Kf7+ 48. Kh3 Ne6 49. g4 Ra8 50. Rb3 Ra2 51. Kg3 Ra4 52. Rf3+ Ke7 53. h4 Nd4 54. Re3+ Kf7 55. Nf4 Rc4 56. Ra3 Nb5 57. Rd3 Nd4 58. h5 Kf6 59. Re3 Ra4 60. Nd5+ Kf7 61. Re7+ Kf8 62. Re4 Ra3+ 63. Kf4 Nc6 64. g5 Ra5 65. Nf6 Ne7 66. Nd7+ Ke8 67. Ne5 Kf8 68. Kg4 Ra1 69. Rf4+ Kg8 70. Nf3 Ra6 71. Re4 Kf8 72. Nd4 Kf7 73. Nf5 Ng8 74. Rb4 Ra1 75. Rb7+ Ke6 76. Rb6+ Ke5 77. Rb5+ Ke4 78. h6 Ra7 79. Rb8 Ra4 80. Re8+ Kd5+ 81. Kh5 1-0

[Event "Zagreb Damjanovic Memorial 2nd"]
[Site "Zagreb"]
[Date "2018.07.19"]
[Round "4"]
[White "Kristovic, Marijan"]
[Black "Zaja, Ivan"]
[Result "0-1"]
[WhiteElo "2236"]
[BlackElo "2441"]
[PlyCount "82"]
[EventDate "2018.07.16"]
[EventType "swiss"]
[EventRounds "9"]
[EventCountry "CRO"]
[SourceTitle "EXT 2019"]
[Source "ChessBase"]
[SourceDate "2018.10.10"]
[SourceVersion "1"]
[SourceVersionDate "2018.10.10"]
[SourceQuality "1"]

1. e4 c5 2. Nf3 g6 3. Nc3 Bg7 4. d4 cxd4 5. Nxd4 Nc6 6. Be3 d6 7. Be2 Nf6 8. Qd2 0-0 9. 0-0-0 Bd7 10. h4 Nxd4 11. Bxd4 Qa5 12. Kb1 e5 13. Be3 Be6 14. a3 Rfc8 15. Nd5 Qxd2 16. Nxf6+ Bxf6 17. Rxd2 Be7 18. g4 a6 19. g5 Rd8 20. f4 exf4 21. Bxf4 d5 22. Bf3 dxe4 23. Bxe4 Rxd2 24. Bxd2 Rd8 25. Bc3 Rd7 26. b4 Bf8 27. Kb2 Bg7 28. Re1 Bxc3+ 29. Kxc3 Kg7 30. a4 h6 31. a5 hxg5 32. hxg5 Bf5 33. Bd3 Bxd3 34. cxd3 f6 35. gxf6+ Kxf6 36. Rf1+ Ke5 37. Rg1 Rg7 38. d4+ Ke4 39. Re1+ Kf3 40. d5 g5 41. d6 g4 0-1

[Event "Zagreb Hulak Memorial op 2nd"]
[Site "Zagreb"]
[Date "2017.12.02"]
[Round "3"]
[White "Kristovic, Marijan"]
[Black "Plenca, Jadranko"]
[Result "0-1"]
[WhiteElo "2266"]
[BlackElo "2469"]
[PlyCount "120"]
[EventDate "2017.11.30"]
[EventType "swiss"]
[EventRounds "9"]
[EventCountry "CRO"]
[SourceTitle "EXT 2019"]
[Source "ChessBase"]
[SourceDate "2018.10.10"]
[SourceVersion "1"]
[SourceVersionDate "2018.10.10"]
[SourceQuality "1"]

1. e4 e5 2. Nf3 Nc6 3. Nc3 Nf6 4. Bb5 Bd6 5. 0-0 0-0 6. d3 h6 7. a3 a6 8. Ba4 Re8 9. Bb3 Bc5 10. Nd5 d6 11. h3 Nxd5 12. Bxd5 Ne7 13. Ba2 Ng6 14. c3 Qf6 15. Be3 Be6 16. b4 Ba7 17. Bxe6 Qxe6 18. Re1 Bxe3 19. fxe3 d5 20. exd5 Qxd5 21. c4 Qc6 22. Rc1 e4 23. Nd4 Qd7 24. c5 Qd5 25. dxe4 Rxe4 26. Nf3 Qe6 27. Rc3 Re8 28. Rd3 Kh7 29. Qd2 f5 30. Rd4 Rxe3 31. Rxe3 Qxe3+ 32. Qxe3 Rxe3 33. Rd7 Re7 34. c6 bxc6 35. Rd4 Re3 36. Rc4 Rxa3 37. Rxc6 Nf4 38. Rxc7 Nxh3+ 39. Kh2 Nf2 40. Rf7 Ng4+ 41. Kg3 Ne3 42. Kf2 Kg8 43. Rb7 f4 44. Nd4 Ng4+ 45. Ke2 Re3+ 46. Kd2 Rg3 47. Ra7 Ne5 48. Nf5 Rxg2+ 49. Kc3 f3 50. Ra8+ Kh7 51. Kd4 f2 52. Ne3 Nf3+ 53. Kd3 Rg1 54. Ke2 Rb1 55. Kxf2 Ne5 56. Rxa6 Rxb4 57. Nd5 Rg4 58. Re6 Rg5 59. Rd6 h5 60. Nf4 Rf5 0-1

[Event "Bjelovar op"]
[Site "Bjelovar"]
[Date "2017.08.05"]
[Round "6"]
[White "Loncar, Robert"]
[Black "Kristovic, Marijan"]
[Result "1-0"]
[WhiteElo "2353"]
[BlackElo "2275"]
[PlyCount "139"]
[EventDate "2017.08.03"]
[EventType "swiss"]
[EventRounds "7"]
[EventCountry "CRO"]
[SourceTitle "CBM 180 Extra"]
[Source "ChessBase"]
[SourceDate "2017.10.06"]
[SourceVersion "1"]
[SourceVersionDate "2017.10.06"]
[SourceQuality "1"]

1. d4 Nf6 2. Nf3 b6 3. g3 Bb7 4. Bg2 d6 5. c4 Nbd7 6. 0-0 g6 7. d5 Bg7 8. Nc3 0-0 9. Nd4 Re8 10. Rb1 a6 11. h3 Ra7 12. e4 e5 13. Nc2 Bf8 14. Be3 c6 15. dxc6 Bxc6 16. Nb4 Ba8 17. Nbd5 Nxd5 18. cxd5 Rc7 19. Qd2 b5 20. a4 Qb8 21. axb5 axb5 22. Rfc1 Rec8 23. Bf1 b4 24. Nb5 Rxc1 25. Rxc1 Rxc1 26. Qxc1 f5 27. Ba7 Qd8 28. exf5 Bxd5 29. fxg6 hxg6 30. Bc4 Bxc4 31. Qxc4+ Kg7 32. Nc7 Qe7 33. Ne6+ Kh7 34. Nxf8+ Nxf8 35. Bb6 Ne6 36. Qxb4 Qd7 37. Qh4+ Kg7 38. Be3 Qf7 39. Qe4 Qd7 40. b4 Kf6 41. Qd5 Nd8 42. h4 Kg7 43. b5 Nb7 44. b6 Qf7 45. Qc6 Kf6 46. g4 Ke6 47. Qc4+ Kf6 48. Qc7 Ke6 49. Qc8+ Qd7 50. Qc2 Kf7 51. Qc7 Ke6 52. Qxd7+ Kxd7 53. h5 gxh5 54. gxh5 Ke6 55. h6 Kf6 56. f3 Kg6 57. Kf2 d5 58. Ke2 d4 59. Bd2 Nc5 60. Kd1 Kh7 61. Kc2 Kg6 62. Kb1 Nb7 63. Ka2 Kh7 64. Ka3 Nd6 65. Kb4 Kg6 66. Kc5 e4 67. fxe4 Nxe4+ 68. Kxd4 Nxd2 69. b7 Nb3+ 70. Kd5 1-0

[Event "Bjelovar op"]
[Site "Bjelovar"]
[Date "2017.08.04"]
[Round "4"]
[White "Smetisko, Marija"]
[Black "Kristovic, Marijan"]
[Result "0-1"]
[WhiteElo "1845"]
[BlackElo "2275"]
[PlyCount "94"]
[EventDate "2017.08.03"]
[EventType "swiss"]
[EventRounds "7"]
[EventCountry "CRO"]
[SourceTitle "CBM 180 Extra"]
[Source "ChessBase"]
[SourceDate "2017.10.06"]
[SourceVersion "1"]
[SourceVersionDate "2017.10.06"]
[SourceQuality "1"]

1. e4 d6 2. d4 Nf6 3. Nc3 Nbd7 4. Nf3 e5 5. Bc4 Be7 6. Bxf7+ Kxf7 7. Ng5+ Kg8 8. Ne6 Qe8 9. Nxc7 Qg6 10. 0-0 Rb8 11. Qe2 Nb6 12. dxe5 dxe5 13. f4 Bd6 14. N7b5 Bc5+ 15. Kh1 Bg4 16. Qd3 Re8 17. Nc7 Rc8 18. f5 Qf7 19. Ne6 Bd4 20. Nb5 Nc4 21. Nbxd4 exd4 22. Qxd4 Qd7 23. Qxd7 Nxd7 24. Rf4 Bh5 25. b3 Nce5 26. c4 Nd3 27. Rh4 Bf7 28. Ng5 b5 29. Be3 bxc4 30. Nxf7 Kxf7 31. Rd1 N7e5 32. bxc4 a6 33. Kg1 Rxc4 34. Kf1 Rc2 35. a3 h6 36. Rh3 Rhc8 37. Bd4 Rc1 38. Rxc1 Rxc1+ 39. Ke2 Rc2+ 40. Kf1 Rc4 41. Bxe5 Nxe5 42. Rh4 Ra4 43. Rh3 Rxe4 44. Rb3 Rf4+ 45. Kg1 Rxf5 46. Rb7+ Kg6 47. Rb6+ Rf6 0-1

[Event "Zagreb Damjanovic Memorial 1st"]
[Site "Zagreb"]
[Date "2016.11.13"]
[Round "5"]
[White "Kristovic, Marijan"]
[Black "Jelecevic, Ivo"]
[Result "1-0"]
[WhiteElo "2284"]
[BlackElo "2160"]
[PlyCount "67"]
[EventDate "2016.11.10"]
[EventType "swiss"]
[EventRounds "9"]
[EventCountry "CRO"]
[SourceTitle "CBM 175 Extra"]
[Source "ChessBase"]
[SourceDate "2016.12.12"]
[SourceVersion "1"]
[SourceVersionDate "2016.12.12"]
[SourceQuality "1"]

1. e4 c5 2. Nf3 d6 3. Bc4 Nf6 4. Nc3 a6 5. a4 Nc6 6. d4 cxd4 7. Nxd4 Qc7 8. Nxc6 bxc6 9. 0-0 e5 10. a5 Be7 11. Be3 0-0 12. h3 Re8 13. Re1 Be6 14. Qd3 Qb7 15. Bxe6 fxe6 16. Ra3 d5 17. Rb3 Qc8 18. Na4 Qc7 19. Bb6 Qc8 20. exd5 exd5 21. Rxe5 Bd6 22. Re3 Ne4 23. Bd4 Qd8 24. Rb7 Re7 25. Rxe7 Bxe7 26. Nb6 Rb8 27. f3 Nd6 28. Re6 Nb5 29. Be5 Bc5+ 30. Kh2 Bxb6 31. axb6 Rxb6 32. Qf5 Nc7 33. Rd6 Qe8 34. Qg5 1-0

[Event "Zagreb Damjanovic Memorial 1st"]
[Site "Zagreb"]
[Date "2016.11.11"]
[Round "2"]
[White "Banek, Kresimir"]
[Black "Kristovic, Marijan"]
[Result "0-1"]
[WhiteElo "2061"]
[BlackElo "2284"]
[PlyCount "56"]
[EventDate "2016.11.10"]
[EventType "swiss"]
[EventRounds "9"]
[EventCountry "CRO"]
[SourceTitle "CBM 175 Extra"]
[Source "ChessBase"]
[SourceDate "2016.12.12"]
[SourceVersion "1"]
[SourceVersionDate "2016.12.12"]
[SourceQuality "1"]

1. e4 c6 2. d4 d5 3. exd5 Qxd5 4. Nc3 Qd6 5. Nf3 Bg4 6. Be2 Nf6 7. Bg5 Nbd7 8. Qd2 Nb6 9. 0-0 Bxf3 10. Bxf3 e6 11. Bf4 Nc4 12. Qc1 Qxd4 13. Rd1 Qc5 14. a3 Qf5 15. Bg3 Bc5 16. b4 Bb6 17. b5 Ne5 18. Be2 0-0 19. Na4 Ne4 20. Nxb6 Nxg3 21. hxg3 axb6 22. Qb2 c5 23. Rd6 Rad8 24. Rad1 Rxd6 25. Rxd6 Qe4 26. Bd3 Qe1+ 27. Kh2 Ng4+ 28. Kh3 Nxf2+ 0-1

[Event "Zagreb Hulak Memorial op 1st"]
[Site "Zagreb"]
[Date "2016.06.16"]
[Round "8"]
[White "Kristovic, Marijan"]
[Black "Tratar, Marko"]
[Result "0-1"]
[WhiteElo "2295"]
[BlackElo "2454"]
[PlyCount "102"]
[EventDate "2016.06.10"]
[EventType "swiss"]
[EventRounds "9"]
[EventCountry "CRO"]
[SourceTitle "CBM 173 Extra"]
[Source "ChessBase"]
[SourceDate "2016.08.29"]
[SourceVersion "1"]
[SourceVersionDate "2016.08.29"]
[SourceQuality "1"]

1. a3 Nf6 2. Nf3 g6 3. c4 Bg7 4. Nc3 0-0 5. e4 c5 6. Be2 Nc6 7. d3 d6 8. h4 b6 9. Nd5 Bg4 10. Ng1 Bxe2 11. Nxe2 e6 12. Nxf6+ Bxf6 13. h5 d5 14. f4 dxe4 15. dxe4 Qxd1+ 16. Kxd1 Na5 17. e5 Bg7 18. Kc2 f6 19. hxg6 hxg6 20. exf6 Bxf6 21. f5 exf5 22. Nf4 Nxc4 23. Nxg6 Rfe8 24. Nf4 Rad8 25. Rh6 Bg7 26. Rg6 Kf7 27. Rg5 Nd6 28. Rh5 Rh8 29. Bd2 Bxb2 30. Rah1 Bg7 31. Rf1 Rxh5 32. Nxh5 Be5 33. g4 Kg6 34. Rg1 Nc4 35. Bc1 Rd4 36. Ng3 Rxg4 37. Ne2 Rxg1 38. Nxg1 f4 39. Kd3 Nd6 40. Nf3 c4+ 41. Ke2 Kf5 42. Nxe5 Kxe5 43. Kf3 Nb5 44. Bxf4+ Kd4 45. a4 Nc3 46. Be3+ Kd3 47. a5 bxa5 48. Bxa7 a4 49. Bc5 Nb5 50. Be3 a3 51. Bc1 c3 0-1

[Event "Zagreb Hulak Memorial op 1st"]
[Site "Zagreb"]
[Date "2016.06.13"]
[Round "5"]
[White "Kristovic, Marijan"]
[Black "Kostanjsek, Zorko"]
[Result "1-0"]
[WhiteElo "2295"]
[BlackElo "2143"]
[PlyCount "109"]
[EventDate "2016.06.10"]
[EventType "swiss"]
[EventRounds "9"]
[EventCountry "CRO"]
[SourceTitle "CBM 173 Extra"]
[Source "ChessBase"]
[SourceDate "2016.08.29"]
[SourceVersion "1"]
[SourceVersionDate "2016.08.29"]
[SourceQuality "1"]

1. e4 d6 2. Bc4 c6 3. Nf3 Nf6 4. e5 dxe5 5. Nxe5 e6 6. Qe2 Bd6 7. d4 0-0 8. 0-0 c5 9. dxc5 Bxc5 10. Nd2 a6 11. a4 Qc7 12. Ndf3 Nc6 13. Nxc6 bxc6 14. c3 a5 15. h3 Nd5 16. Ne5 f6 17. Nf3 e5 18. Rd1 Be6 19. Nd4 Bf7 20. Nf5 Kh8 21. Bd3 Rad8 22. Bc2 Qa7 23. Bd2 Rfe8 24. g3 Bg6 25. h4 Qd7 26. Ne3 Qh3 27. Bxg6 hxg6 28. Qg4 Qxg4 29. Nxg4 Rb8 30. c4 Nb4 31. Be3 Bd4 32. Bxd4 exd4 33. c5 Re2 34. Rac1 f5 35. Nh2 d3 36. Nf3 Rbe8 37. Rd2 Rxd2 38. Nxd2 Re2 39. Rd1 Kg8 40. Kf1 Kf8 41. Nc4 Rc2 42. b3 Ke7 43. Nxa5 Rxc5 44. Nc4 Ke6 45. Ke1 Kd5 46. Kd2 Ke4 47. Re1+ Kf3 48. Re6 Kxf2 49. Rxg6 f4 50. gxf4 Rh5 51. Ne5 Rxh4 52. Nxd3+ Nxd3 53. Kxd3 Rxf4 54. Rxg7 Rf6 55. Re7 1-0

[Event "CRO-chT2 Center 23rd"]
[Site "Grubisno Polje"]
[Date "2014.09.07"]
[Round "7.6"]
[White "Matko, Ognjen"]
[Black "Kristovic, Marijan"]
[Result "1/2-1/2"]
[WhiteElo "2304"]
[BlackElo "2293"]
[PlyCount "85"]
[EventDate "2014.03.02"]
[EventType "team-match"]
[EventRounds "11"]
[EventCountry "CRO"]
[SourceTitle "EXT 2016"]
[Source "ChessBase"]
[SourceDate "2015.10.08"]
[SourceVersion "1"]
[SourceVersionDate "2015.10.08"]
[SourceQuality "1"]

1. e4 c5 2. Nf3 d6 3. d4 cxd4 4. Nxd4 Nf6 5. Nc3 Nc6 6. Bg5 e6 7. Qd2 Bd7 8. 0-0-0 a6 9. f4 Be7 10. Kb1 Rc8 11. Nxc6 Bxc6 12. Bd3 h6 13. Bxf6 Bxf6 14. Rhe1 Qa5 15. Nd5 Qxd2 16. Nxf6+ gxf6 17. Rxd2 Ke7 18. Kc1 Rhg8 19. Re3 d5 20. exd5 Bxd5 21. Be4 Bxe4 22. Rxe4 f5 23. Red4 Rc7 24. Kd1 h5 25. Ke1 h4 26. c3 b5 27. Kf2 Kf6 28. Rd6 a5 29. Rb6 Rc4 30. Kf3 b4 31. cxb4 axb4 32. Rb7 Rg4 33. g3 hxg3 34. hxg3 Rg8 35. Rdd7 Rf8 36. Rb6 Ra8 37. Rbb7 Rf8 38. Rb6 Ra8 39. Rbb7 Rf8 40. Ke3 Re4+ 41. Kf3 Rc4 42. Ke3 Re4+ 43. Kf3 1/2-1/2

[Event "Velika Gorica op 12th"]
[Site "Velika Gorica"]
[Date "2014.08.21"]
[Round "4"]
[White "Takac, Zvonko"]
[Black "Kristovic, Marijan"]
[Result "1/2-1/2"]
[WhiteElo "2062"]
[BlackElo "2341"]
[PlyCount "133"]
[EventDate "2014.08.18"]
[EventType "swiss"]
[EventRounds "9"]
[EventCountry "CRO"]
[SourceTitle "EXT 2015"]
[Source "ChessBase"]
[SourceDate "2014.11.20"]
[SourceVersion "1"]
[SourceVersionDate "2014.11.20"]
[SourceQuality "1"]

1. d4 Nf6 2. Nf3 b6 3. g3 Bb7 4. Bg2 d6 5. c4 Nbd7 6. Nc3 Ne4 7. Qc2 Nxc3 8. Qxc3 e6 9. 0-0 Be7 10. Re1 Nf6 11. Bg5 0-0 12. Bxf6 Bxf6 13. e4 c5 14. Rad1 cxd4 15. Nxd4 Qc8 16. Qd3 Bxd4 17. Qxd4 Rd8 18. Rd2 e5 19. Qd3 Ba6 20. b3 Qc5 21. Red1 Kf8 22. Qd5 Qxd5 23. Rxd5 Ke7 24. a4 Bb7 25. R5d2 a6 26. f4 f6 27. fxe5 dxe5 28. Kf2 Rxd2+ 29. Rxd2 a5 30. Ke3 Rd8 31. Rxd8 Kxd8 32. Bf1 Kc7 33. Bd3 Kd6 34. Kd2 Kc5 35. Kc3 Bc8 36. Bc2 g6 37. Bd1 Bh3 38. Bf3 h5 39. Bd1 Bg4 40. Bc2 f5 41. h4 fxe4 42. Bxe4 Bf5 43. Bd5 e4 44. Bb7 e3 45. Bd5 e2 46. Kd2 Bd3 47. Be6 Kd4 48. g4 Ke5 49. Bd7 Kd6 50. Bc8 Bc2 51. gxh5 gxh5 52. Ba6 Bxb3 53. Kxe2 Bxa4 54. Kd2 Ke5 55. Kc3 Be8 56. Bb7 Kf4 57. c5 bxc5 58. Kc4 Ke3 59. Kxc5 Kd3 60. Bf3 a4 61. Kb4 Kc2 62. Bxh5 Bc6 63. Ka3 Kc3 64. Bg6 Bf3 65. Kxa4 Kc4 66. h5 Bxh5 67. Bxh5 1/2-1/2

[Event "Zagreb op"]
[Site "Zagreb"]
[Date "2014.03.22"]
[Round "6"]
[White "Martinovic, Sasa"]
[Black "Kristovic, Marijan"]
[Result "1-0"]
[WhiteElo "2532"]
[BlackElo "2292"]
[PlyCount "127"]
[EventDate "2014.03.17"]
[EventType "swiss"]
[EventRounds "9"]
[EventCountry "CRO"]
[SourceTitle "CBM 159 Extra"]
[Source "ChessBase"]
[SourceDate "2014.04.24"]
[SourceVersion "1"]
[SourceVersionDate "2014.04.24"]
[SourceQuality "1"]

1. d4 Nf6 2. c4 b6 3. Nc3 Bb7 4. Qc2 d6 5. e4 Nbd7 6. Nf3 e5 7. d5 g6 8. Be2 Bg7 9. Be3 0-0 10. Nd2 h6 11. g4 Nh7 12. h4 f6 13. Nf1 Rf7 14. Ng3 Ndf8 15. h5 g5 16. 0-0 Nd7 17. b4 Bf8 18. Nf5 Bc8 19. Rfd1 a5 20. a3 Nb8 21. Rac1 Na6 22. bxa5 Nc5 23. axb6 cxb6 24. Nb5 Bxf5 25. exf5 Rb7 26. Rb1 Be7 27. Nc3 Rba7 28. a4 Nf8 29. Bxc5 bxc5 30. Rb5 Qd7 31. Rdb1 Bd8 32. Ne4 Be7 33. Bd1 Qc7 34. Rb6 Qd8 35. R1b2 Nd7 36. Rb7 Kf8 37. Qb1 Ke8 38. Kg2 Qc8 39. R2b5 Ra6 40. Bc2 Qd8 41. Nc3 R6a7 42. a5 Rxa5 43. Rxa5 Rxa5 44. Ba4 Rxa4 45. Nxa4 Qa5 46. Qb5 Qxb5 47. cxb5 Bd8 48. b6 c4 49. Kf3 c3 50. Ke2 e4 51. Kd1 Ne5 52. Nxc3 e3 53. fxe3 Nc4 54. Ne4 Nxe3+ 55. Ke2 Nc4 56. Rh7 Nxb6 57. Nxd6+ Kf8 58. Rf7+ Kg8 59. Rb7 Kf8 60. Rb8 Ke7 61. Rxb6 Bxb6 62. Nc8+ Kd7 63. Nxb6+ Kd6 64. Kd3 1-0

[Event "Zagreb op"]
[Site "Zagreb"]
[Date "2014.03.21"]
[Round "5"]
[White "Kristovic, Marijan"]
[Black "Zaja, Ivan"]
[Result "1/2-1/2"]
[WhiteElo "2292"]
[BlackElo "2465"]
[PlyCount "30"]
[EventDate "2014.03.17"]
[EventType "swiss"]
[EventRounds "9"]
[EventCountry "CRO"]
[SourceTitle "CBM 159 Extra"]
[Source "ChessBase"]
[SourceDate "2014.04.24"]
[SourceVersion "1"]
[SourceVersionDate "2014.04.24"]
[SourceQuality "1"]

1. Nf3 Nf6 2. c4 b6 3. Nc3 Bb7 4. g3 e6 5. Bg2 Be7 6. 0-0 0-0 7. b3 d5 8. cxd5 Nxd5 9. Nxd5 Bxd5 10. Bb2 Nd7 11. Rc1 Bf6 12. Qc2 c5 13. d4 Rc8 14. dxc5 Rxc5 15. Qd2 Bxb2 1/2-1/2

[Event "CRO-chT2 Center 23rd"]
[Site "Grubisno Polje"]
[Date "2014.03.02"]
[Round "2.3"]
[White "Kristovic, Marijan"]
[Black "Plenca, Jadranko"]
[Result "1-0"]
[WhiteElo "2293"]
[BlackElo "2173"]
[PlyCount "135"]
[EventDate "2014.03.02"]
[EventType "team-match"]
[EventRounds "11"]
[EventCountry "CRO"]
[SourceTitle "EXT 2016"]
[Source "ChessBase"]
[SourceDate "2015.10.08"]
[SourceVersion "1"]
[SourceVersionDate "2015.10.08"]
[SourceQuality "1"]

1. e4 e5 2. Nf3 Nc6 3. Bb5 a6 4. Bxc6 dxc6 5. d4 exd4 6. Qxd4 Qxd4 7. Nxd4 Bd7 8. Bg5 f6 9. Be3 0-0-0 10. Nc3 Bb4 11. Nde2 Ne7 12. a3 Bd6 13. 0-0-0 Rhe8 14. Na4 Be6 15. Bf4 Ng6 16. Bxd6 cxd6 17. f3 Kc7 18. h4 Bc4 19. Nd4 Ne7 20. b3 Bf7 21. h5 b5 22. Nc3 c5 23. Nde2 d5 24. exd5 Nxd5 25. Nxd5+ Rxd5 26. Rxd5 Bxd5 27. Nc3 Bc6 28. h6 g6 29. Kd2 Re5 30. b4 Kb6 31. Ne2 a5 32. c3 cxb4 33. cxb4 Rd5+ 34. Ke3 Re5+ 35. Kd3 Bd5 36. Nc3 Bc6 37. Kd2 Rg5 38. Rh2 Re5 39. Ne2 Bd5 40. Nf4 Bf7 41. Rh1 g5 42. Nd3 Rd5 43. Kc3 Rd6 44. Re1 f5 45. Re7 Bc4 46. Ne5 axb4+ 47. axb4 Rxh6 48. Nxc4+ bxc4 49. Rg7 Rh5 50. Kxc4 h6 51. Rg6+ Kc7 52. Kc5 Rh2 53. Rg7+ Kb8 54. Kb6 Kc8 55. Kc6 Kd8 56. b5 Rxg2 57. Rg8+ Ke7 58. b6 Rb2 59. b7 Kf6 60. b8Q Rxb8 61. Rxb8 Ke5 62. Rb4 h5 63. Kd7 h4 64. Rb5+ Kf4 65. Ke6 Kxf3 66. Kxf5 h3 67. Rb3+ Kg2 68. Kg4 1-0

[Event "Osijek-ch op"]
[Site "Osijek"]
[Date "2014.02.23"]
[Round "7"]
[White "Ljikar, Zoran"]
[Black "Kristovic, Marijan"]
[Result "1/2-1/2"]
[WhiteElo "2183"]
[BlackElo "2281"]
[PlyCount "86"]
[EventDate "2014.02.20"]
[EventType "swiss"]
[EventRounds "7"]
[EventCountry "CRO"]
[SourceTitle "CBM 159 Extra"]
[Source "ChessBase"]
[SourceDate "2014.04.24"]
[SourceVersion "1"]
[SourceVersionDate "2014.04.24"]
[SourceQuality "1"]

1. e4 c5 2. Nc3 a6 3. g3 b5 4. Bg2 Bb7 5. d3 Nc6 6. f4 e6 7. Be3 d6 8. Nf3 Nf6 9. h3 d5 10. exd5 Nxd5 11. Nxd5 Qxd5 12. 0-0 Qd7 13. Qd2 Rc8 14. Qf2 Nd8 15. a4 b4 16. c3 Bd6 17. d4 cxd4 18. cxd4 0-0 19. Ne5 Bxe5 20. dxe5 Bxg2 21. Qxg2 Qd3 22. Qd2 Qg6 23. Bf2 Nc6 24. Rfd1 h5 25. Qd3 Qxd3 26. Rxd3 Ne7 27. Rd6 a5 28. Ra6 Rc2 29. Rxa5 Rd8 30. Rb5 Rdd2 31. Rf1 Nd5 32. a5 h4 33. g4 Nxf4 34. a6 Nxh3+ 35. Kg2 Nxf2 36. a7 Nh3+ 37. Kf3 Ng5+ 38. Kf4 Nh3+ 39. Ke3 Re2+ 40. Kd3 Red2+ 41. Ke3 Re2+ 42. Kd3 Red2+ 43. Ke3 Re2+ 1/2-1/2

[Event "Osijek-ch op"]
[Site "Osijek"]
[Date "2014.02.22"]
[Round "6"]
[White "Kristovic, Marijan"]
[Black "Dabo Peranic, Robert"]
[Result "0-1"]
[WhiteElo "2281"]
[BlackElo "2339"]
[PlyCount "82"]
[EventDate "2014.02.20"]
[EventType "swiss"]
[EventRounds "7"]
[EventCountry "CRO"]
[SourceTitle "CBM 159 Extra"]
[Source "ChessBase"]
[SourceDate "2014.04.24"]
[SourceVersion "1"]
[SourceVersionDate "2014.04.24"]
[SourceQuality "1"]

1. d4 d5 2. Nf3 Nf6 3. c4 dxc4 4. e3 e6 5. Bxc4 a6 6. a4 c5 7. Nc3 Nc6 8. 0-0 Be7 9. Qe2 cxd4 10. Rd1 0-0 11. exd4 Nb4 12. Bg5 Bd7 13. Ne5 Bc6 14. h3 Bd5 15. Nxd5 Nfxd5 16. Bxe7 Qxe7 17. Ra3 Rac8 18. Rf3 Rc7 19. Bb3 Qd6 20. Nc4 Qe7 21. Ne3 Rd8 22. Nxd5 Nxd5 23. g3 Rcd7 24. Rfd3 Qb4 25. Qd2 Qb6 26. Bxd5 Rxd5 27. f4 f6 28. Qc3 e5 29. fxe5 fxe5 30. Qc4 Kh8 31. Rb3 Qd6 32. Rxb7 exd4 33. Rd3 Qe6 34. Qc1 Re5 35. Rd1 Qxh3 36. Qd2 Qxg3+ 37. Qg2 Qe3+ 38. Qf2 Rg5+ 39. Kf1 Qh3+ 40. Ke1 Re8+ 41. Kd2 Rg2 0-1